000 00663nam a2200265Ia 4500
005 20260302115544.0
008 008 260114s9999 xx 000 0 eng d
020 _a9781472570338
037 _aTextbook
040 _aCRL
040 _beng
040 _cCRL
041 _2eng
041 _aeng
084 _qCRL
100 _aTrish Reid
_91121978
245 4 _aThe Theatre of Anthony Neilson
260 _bBloomsbury
260 _bMethuen Drama
260 _c2017
650 _aLiterary Studies
856 _uhttps://doi.org/10.5040/9781472570338?locatt=label:secondary_bloomsburyCollections
942 _cEBOOK
999 _c1686635
_d1686635